| 000 | 00481nam a22001697a 4500 | ||
|---|---|---|---|
| 005 | 20240918123850.0 | ||
| 008 | 240918b |||||||| |||| 00| 0 eng d | ||
| 020 | _a0409017019 | ||
| 041 | _aEnglish | ||
| 082 | _a349 BUT | ||
| 100 | _lEnglish | ||
| 245 | _aButterworths Forms and Precedents: Companies 1 | ||
| 260 |
_aDurban: _bLexisNexis (Pty) Ltd, _c1998 |
||
| 300 |
_b786 pages; _c26 cm. |
||
| 650 |
_aLegal practice _bLaw |
||
| 942 |
_cBK _6ALISON_BN_VRIES |
||
| 999 |
_c3042 _d3042 |
||